000 00713nam a2200229Ia 4500
001 17127
003 GE_BSU
008 181216s||||||||xx |||||||||||||| ||und||
040 _cGE_BSU
080 _a821.353.1-4
100 _aასათიანი, მ.
245 _aკავკასიონის კალთებზე
245 _bნარკვევები
245 _cრედ.ე.ზედგინიძე
260 _aთბილისი
260 _bსაბჭ. მწერალი
260 _c1959
300 _a175გვ. ; 17სმ
653 _aკავკასიონის კალთებზე
653 _aნარკვევები
942 _cBK
999 _c50189
_d50189